01765cam a2200409 a 4500952013500000999001700135001000900152003000400161005001700165008004100182010001700223020001800240020001500258025002700273035002600300037006300326040001800389042001000407043001200417050002200429082002100451100002500472245008800497260015000585300002800735504005100763520009400814650004700908650003700955650003600992650004601028700002101074710008601095856008101181906004501262942004801307 00102ddc40708PRODUCTIONaMESbMEScECO d2019-09-11eAmazong510.00l0o338.10954 DES/Cp40677r2019-09-11 00:00:00yBKzGL7R3 c40539d4053915496302OSt20201013144512.0080830s2008 ii b 101 0 eng  a 2008319284 a9788180695322 a8180695328 aI-E-2008-319284; 85-92 a(IN-NdUBS)UBS08002387 bLibrary of Congress -- New Delhi Overseas OfficecRs600.00 aDLCcDLCdDLC alcode aa-ii---00aHD2072b.C62 2008 a338.10954bDES/C 95648aDeshpande, R S00aContract farming and tenancy reforms :bentangled without tether /c R.S. Deshpande aNew Delhi :bPublished for Centre for Rural Studies, Lal Bahadur Shastri National Academy of Administration, Mussorie by Concept Pub. Co.,c2008. axviii, 266 p. ;c23 cm. aIncludes bibliographical references and index. aTranscript of papers presented during a workshop held at Mussorie from 15-16 March, 2007. 0aAgricultural contractszIndiavCongresses. 0aFarm tenancyzIndiavCongresses. 0aLand reformzIndiavCongresses. 0aAgriculture and statezIndiavCongresses.1 aDeshpande, R. S.2 aCentre for Rural Studies (Lal Bahadur Shastry National Academy of Administration)413Table of contents onlyuhttp://www.loc.gov/catdir/toc/fy1002/2008319284.html a7bcbccorigoded3encipf20gy-gencatlg 2ddccBKh338.10954iDES/Ck338.10954mDES/C